|
|
|
|
| LEADER |
00000nab a2200000 a 4500 |
| 001 |
vtls010733519 |
| 003 |
SK-MaSNL |
| 005 |
20260304192014.0 |
| 008 |
250709s1998 xo |||||||||||||||||slo| |
| 035 |
|
|
|a (urnnbn)urn:nbn:sk:snk:ar-a05d6e
|
| 035 |
|
|
|a (uuid)9da5283d-54ea-4519-a370-dd88606bd57a
|
| 035 |
|
|
|a urn:nbn:sk:snk-ab3vl8
|
| 040 |
|
|
|a SNKBUCL
|b slo
|c SNKBUCL
|e AACR2
|
| 041 |
0 |
|
|a slo
|
| 044 |
|
|
|a xo
|c SK
|
| 100 |
1 |
|
|a Stieranka, Štefan
|4 aut
|9 131607
|
| 245 |
1 |
0 |
|a Norton Utilities 3.0 for Windows 95 :
|b Komplexný balík nástrojov na opravu, údržbu, diagnostiku a ochranu systému
|c Štefan Stieranka
|
| 773 |
0 |
|
|t PC revue : sprievodca digitálnym svetom
|g Roč. 6, č. 7 (1998), s. 59-60
|
| 850 |
|
|
|a Slovenská národná knižnica
|
| 852 |
|
|
|a Slovenská národná knižnica
|
| 954 |
|
|
|a odborná, vedecká literatúra pôvodná (slovenská)
|2 lita
|
| 958 |
|
|
|a article1
|
| 958 |
|
|
|a OND
|
| 958 |
|
|
|a EUIPO
|
| 999 |
|
|
|c 3058049
|d 3059979
|